| 000 | 00000cam 2200000zi 4500 |
| 001 | 9.902404 |
| 003 | CaOODSP |
| 005 | 20260202114735 |
| 006 | m o d f |
| 007 | cr |n||||||||| |
| 008 | 210810s1983 onc ob f000 0 eng d |
| 040 | |aCaOODSP|beng|erda|cCaOODSP |
| 043 | |an-cn--- |
| 086 | 1 |aJ2-501/1983E-PDF |
| 100 | 1 |aMacGuigan, Mark, |d1931-1998 |eauthor. |
| 245 | 10|aReform of the Senate : |ba discussion paper / |cthe Honourable Mark MacGuigan, Minister of Justice. |
| 264 | 1|a[Ottawa] : |bGovernment of Canada = Gouvernement du Canada, |c[1983] |
| 300 | |a1 online resource (2, 44 pages) |
| 336 | |atext|btxt|2rdacontent |
| 337 | |acomputer|bc|2rdamedia |
| 338 | |aonline resource|bcr|2rdacarrier |
| 500 | |aDigitized edition from print [produced by Government of Canada Publications Directorate]. |
| 500 | |aIssued also in French under title: La réforme du Sénat : document de travail. |
| 504 | |aIncludes bibliographical references. |
| 610 | 10|aCanada. |bParliament. |bSenate|xReform. |
| 650 | 0|aLegislative bodies|zCanada|xReform. |
| 710 | 1 |aCanada. |bDepartment of Justice, |eissuing body. |
| 775 | 08|tLa réforme du Sénat : |w(CaOODSP)9.945577 |
| 856 | 40|qPDF|s3.67 MB|uhttps://publications.gc.ca/collections/collection_2024/jus/J2-501-1983-eng.pdf |